<?xml version="1.0" encoding="UTF-8"?>
<record
    xmlns:xsi="http://www.w3.org/2001/XMLSchema-instance"
    xsi:schemaLocation="http://www.loc.gov/MARC21/slim http://www.loc.gov/standards/marcxml/schema/MARC21slim.xsd"
    xmlns="http://www.loc.gov/MARC21/slim">

  <leader>00882cam a22002531a 4500</leader>
  <controlfield tag="001">ne 68001453 </controlfield>
  <controlfield tag="003">DLC</controlfield>
  <controlfield tag="005">20260227111840.0</controlfield>
  <controlfield tag="008">870730s1927    ua            000 0 arar </controlfield>
  <datafield tag="010" ind1=" " ind2=" ">
    <subfield code="a">ne 68001453 </subfield>
  </datafield>
  <datafield tag="035" ind1=" " ind2=" ">
    <subfield code="a">(OCoLC)16325130</subfield>
  </datafield>
  <datafield tag="040" ind1=" " ind2=" ">
    <subfield code="a">DLC</subfield>
    <subfield code="c">OU</subfield>
    <subfield code="d">DLC</subfield>
  </datafield>
  <datafield tag="042" ind1=" " ind2=" ">
    <subfield code="a">premarc</subfield>
  </datafield>
  <datafield tag="050" ind1="0" ind2="0">
    <subfield code="a">PJ7503</subfield>
    <subfield code="b">.S2 1927</subfield>
  </datafield>
  <datafield tag="100" ind1="1" ind2=" ">
    <subfield code="a">Sabry, Mohammed,</subfield>
    <subfield code="d">1894-</subfield>
  </datafield>
  <datafield tag="245" ind1="1" ind2="0">
    <subfield code="a">Adab wa-t&#x101;r&#x12B;kh /</subfield>
    <subfield code="c">ta&#x2BC;l&#x12B;f Mu&#x1E25;ammad &#x1E62;abr&#x12B;.</subfield>
  </datafield>
  <datafield tag="250" ind1=" " ind2=" ">
    <subfield code="a">al-&#x1E6C;ab&#x2BB;ah 2.</subfield>
  </datafield>
  <datafield tag="260" ind1=" " ind2=" ">
    <subfield code="a">al-Q&#x101;hirah :</subfield>
    <subfield code="b">Ma&#x1E6D;ba&#x2BB;at D&#x101;r al-Kutub al-Mi&#x1E63;r&#x12B;yah,</subfield>
    <subfield code="c">1927.</subfield>
  </datafield>
  <datafield tag="300" ind1=" " ind2=" ">
    <subfield code="a">340 p. ;</subfield>
    <subfield code="c">20 cm.</subfield>
  </datafield>
  <datafield tag="505" ind1="0" ind2=" ">
    <subfield code="a">Ma&#x1E25;m&#x16B;d S&#x101;m&#x12B; al-B&#x101;r&#x16B;d&#x12B; -- Ism&#x101;&#x2BB;&#x12B;l B&#x101;sh&#x101; &#x1E62;abr&#x12B; -- T&#x101;r&#x12B;kh -- al-&#x1E24;arakah al-istiql&#x101;l&#x12B;yah f&#x12B; &#x12A;&#x1E6D;&#x101;liy&#x101; -- al-Fu&#x1E63;&#x16B;l.</subfield>
  </datafield>
  <datafield tag="600" ind1="1" ind2="0">
    <subfield code="a">B&#x101;r&#x16B;d&#x12B;, Ma&#x1E25;m&#x16B;d S&#x101;m&#x12B;,</subfield>
    <subfield code="d">1839-1904.</subfield>
  </datafield>
  <datafield tag="600" ind1="1" ind2="0">
    <subfield code="a">&#x1E62;abr&#x12B;, Ism&#x101;&#x2BB;&#x12B;l,</subfield>
    <subfield code="d">1886-1953.</subfield>
  </datafield>
  <datafield tag="651" ind1=" " ind2="0">
    <subfield code="a">Italy</subfield>
    <subfield code="x">History</subfield>
    <subfield code="y">1849-1870.</subfield>
  </datafield>
  <datafield tag="999" ind1=" " ind2=" ">
    <subfield code="c">50293</subfield>
    <subfield code="d">50293</subfield>
  </datafield>
</record>
